Geography Quiz

Random Geography or City Quiz

US Cities by their Bridges Quiz Stats

 Plays Quiz not verified by Sporcle

Score 0/12 Timer 04:00
0 Plays Today
Bridge City % Correct
George Washington BridgeNew York City, NY
97.6%
Bay BridgeSan Francisco, CA
92.9%
Ben Franklin BridgePhiladelphia, PA
91.9%
Bunker Hill BridgeBoston, MA
86.6%
Lake Pontchartrain BridgeNew Orleans, LA
81.5%
Theodore Roosevelt Memorial BridgeWashington, DC
75.5%
Evergreen Point Floating BridgeSeattle, WA
73.6%
Ambassador BridgeDetroit, MI
67.4%
Fort Duquesene BridgePittsburgh, PA
63.9%
Coronado BridgeSan Diego, CA
61.7%
Peace BridgeBuffalo, NY
43.6%
Monitor Merrimack Memorial BridgeNorfolk, VA
39.9%

You're not logged in!

Compare scores with friends on all Sporcle quizzes.
OR
Log In

Show Comments

Extras

Created Nov 18, 2010ReportNominate
Tags:City Quiz, bridge

Top Quizzes Today


Score Distribution

Your Account Isn't Verified!

In order to create a playlist on Sporcle, you need to verify the email address you used during registration. Go to your Sporcle Settings to finish the process.

Report this User

Report this user for behavior that violates our Community Guidelines.

Details: